000
00335nam a2200145Ia 4500
005
20251222144745.0
008
251222s9999||||xx |||||||||||||| ||spa||
020
_a
84-2201-262-36
082
_a
209.2/T41
100
_a
Teresa de Jesús, Santa
245
0
_a
Obras Completas
250
_a
8a.ed.
264
_b
Católica
942
_c
LIB
999
_c
19119
_d
19119